La Legislación de extranjería y la administración local / [Josep Mir Bagó]
Publicado:
Barcelona :
CRID: Consorci de Recursos per a la Integració de la Diversitat, Diputació de Barcelona ,
2001
Descripción Física:
208 p. : taules ; 30 cm
MARC
| LEADER | 00000nam a2200000Ia 4500 | ||
|---|---|---|---|
| 001 | 17641 | ||
| 008 | 160829s2001 xx 000 0 cat d | ||
| 080 | |a M-5-206 | ||
| 100 | |a Mir Bagó, Josep |9 21155 | ||
| 245 | |a La Legislación de extranjería y la administración local / [Josep Mir Bagó] | ||
| 260 | |a Barcelona : |b CRID: |b Consorci de Recursos per a la Integració de la Diversitat, Diputació de Barcelona, |c 2001 | ||
| 300 | |a 208 p. : |b taules ; |c 30 cm | ||
| 650 | |a Estrangers |x Dret i legislació |x Espanya |9 21156 | ||
| 650 | |a Estrangers |x Dret i legislació |x Catalunya |9 21157 | ||
| 650 | 0 | |a Estrangers |x Drets socials |x Catalunya |9 44812 | |
| 650 | |a Estrangers |x Drets socials |x Espanya |9 21159 | ||
| 710 | 1 | |a Barcelona (Catalunya : Província). |b Diputació |9 52408 | |
| 710 | |a Consorci de Recursos per a la Integració de la Diversitat |9 69856 | ||
| 901 | |a Arxiu | ||
| 942 | |n 1 | ||
| 952 | |0 0 |1 0 |4 0 |6 M5206 |7 1 |9 41808 |a Arxiu |b Arxiu |d 2016-12-01 |l 0 |o M-5-206 |p 17641 |r 2016-12-01 00:00:00 |w 2016-12-01 |y ARXIU | ||
| 999 | |c 43731 |d 43731 | ||